000 00928cam a2200265 a 4500
001 2143681
003 ARRUPE
005 20130924142323.0
008 980904s1999 inua b 000 0 eng
010 _a 98037489
020 _a0877936684 (pbk.)
040 _aDLC
_cDLC
_dDLC
050 0 0 _aBX2040
_b.W47 1999
100 _aAyo, Nicholas
_91007
245 0 0 _aWhere joy & sorrow meet :
_ba way of the cross /
_cNicholas Ayo ... [et al.].
246 3 _aWhere joy and sorrow meet
260 _aNotre Dame, Ind. :
_bAve Maria Press,
_cc1999.
300 _a181 p. :
_bill. ;
_c18 cm.
504 _aIncludes bibliographical references (p. 177-179).
650 0 _aStations of the Cross.
_91008
700 1 _aAyo, Nicholas.
_91009
906 _a7
_bcbc
_corignew
_d1
_eocip
_f19
_gy-gencatlg
942 _2lcc
_cMONOGRAPH
999 _c117978
_d117978